000 00929nam a2200253Ia 4500
003 OSt
005 20220923211644.0
006 a|||||r|||| 00| 0
007 ta
008 220922b |||||||| |||| 00| 0 hin d
024 _a40,243
037 _cTextual
040 _aARTS
_cARTS
_bhin
041 _2hin
_ahin
082 _aO15,1:gK70S:7, 152L6
100 _aत्रिपाठी, राधावल्लभ
_9156299
245 0 _aसंस्कृत - कवियों के व्यक्तित्व का विकास
246 _aSanskṛut - kaviyoan ke vyaktitva kā vikāsa
260 _aसागर
_b संस्कृत परिषद्
_c1976
300 _a320पृ.
_ccm.
650 _aसंस्कृत साहित्य
942 _hO15,1:gK70S:7, 152L6
_cTEXL
_2CC
999 _c302232
_d302232